| Tag |
First Indicator |
Second Indicator |
Subfields |
| LEADER |
00000cam a22000008a 4500 |
| 001 |
in00000085302 |
| 005 |
20151008055829.0 |
| 008 |
811027s1982 nyua b 00110 eng |
| 010 |
|
|
|a 81018443
|
| 020 |
|
|
|a 0387906274 (U.S.)
|
| 035 |
|
|
|a (OCoLC)07944913
|
| 035 |
|
|
|9 AAJ4504AM
|
| 039 |
0 |
|
|a 2
|b 3
|c 3
|d 3
|e 3
|
| 040 |
|
|
|a DLC
|c DLC
|d TXA
|d UtOrBLW
|
| 049 |
|
|
|a TXAM
|c [1442643]
|
| 050 |
0 |
0 |
|a QD911
|b .P75
|
| 082 |
0 |
|
|a 548/.7
|2 19
|
| 100 |
1 |
|
|a Prince, Edward.
|
| 245 |
1 |
0 |
|a Mathematical techniques in crystallography and materials science /
|c Edward Prince.
|
| 263 |
|
|
|a 8202
|
| 264 |
|
1 |
|a New York :
|b Springer-Verlag,
|c [1982]
|
| 264 |
|
4 |
|c ©1982
|
| 300 |
|
|
|a viii, 192 pages :
|b illustrations ;
|c 24 cm.
|
| 336 |
|
|
|a text
|b txt
|2 rdacontent
|
| 337 |
|
|
|a unmediated
|b n
|2 rdamedia
|
| 338 |
|
|
|a volume
|b nc
|2 rdacarrier
|
| 500 |
|
|
|a Includes index.
|
| 504 |
|
|
|a Bibliography: page [188].
|
| 650 |
|
0 |
|a Crystallography, Mathematical.
|
| 999 |
|
|
|a MARS
|
| 999 |
f |
f |
|s 37dfc04d-0a97-3051-8cf9-5ae989436b7a
|i 604afb77-b46a-3324-a44d-33fd46b20bc4
|t 0
|
| 952 |
f |
f |
|p normal
|a Texas A&M University
|b College Station
|c Sterling C. Evans Library
|d Evans: Library Stacks
|t 0
|e QD911 .P75
|h Library of Congress classification
|i unmediated -- volume
|m A14806212937
|
| 998 |
f |
f |
|a QD911 .P75
|t 0
|l Evans: Library Stacks
|